000 00179nam a2200085 4500
001 1255683
005 20251211125448.0
245 _aEL KIZI
_cORHAN KEMAL
260 _bEVEREST YAYINLARI
999 _c1255683
_d1255683